| 000 | 01021cam a2200217 4500 | ||
|---|---|---|---|
| 001 | ABS63281 | ||
| 008 | 000000n2000 000 0 eng u | ||
| 035 | _a(Sirsi) u110052 | ||
| 100 | _aLawson, D | ||
| 245 | _aSwitch on for success | ||
| 260 | _c2000 | ||
| 490 |
_aProperty Week _v65(47) 1 December 2000, 76-77(2) |
||
| 520 | _aDescribes the entrance of Rogers Chapman into the world of high technology, providing an insight into the rise of new technology in the property industry such as internet data centres and some of the technology used. Describes how to meet the demands of the technology companies looking for the right property in the right place and points out that it is not necessary to provide technological expertise but to provide a good service and to be aware of the jargon used. | ||
| 590 | _aABS | ||
| 650 | _aINTERNET ACCESS | ||
| 650 | _aTELECOMMUNICATIONS | ||
| 650 | _aOCCUPIERS REQUIREMENTS | ||
| 650 | _aHIGH TECH COMPANIES | ||
| 690 | _aPROPERTY-COMMERCIAL PROPERTY | ||
| 942 | _n0 | ||
| 999 |
_c65644 _d65644 |
||